000 00329nam a2200133 i 4500
001 bg
100 1 _aZABOROWSKI, T.
245 0 _aTrwałość narzędzi do obróbki wiórowej /
_cT. Zaborowski.
260 _aGorzów Wlkp.,
_c1982.
040 _cBPK
041 _apol
942 _cKS
008 s pl f |000 0 pol
999 _c22097
_d22097
856 _uhttp://koha.tu.koszalin.pl/cgi-bin/koha/opac-detail.pl?biblionumber=22097
_yKatalog online BPK